Loading...
| Science - Chemistry | 0 | 6 | 0 | 1 | 60 | 76 | 103.00 | 0 | 2 | 0.00 | 0.00 |
| Fine Arts - Visual | 0 | 5 | 0 | 1 | 50 | 94 | 107.20 | 0 | 0 | 0.00 | 0.00 |
| Literature - European | 0 | 5 | 0 | 2 | 50 | 87 | 125.20 | 0 | 1 | 0.00 | 0.00 |
| Science - Biology | 0 | 5 | 1 | 0 | 45 | 66 | 82.20 | 2 | 3 | 0.00 | 0.00 |
| Literature - World/Other | 0 | 4 | 0 | 0 | 40 | 80 | 104.25 | 0 | 2 | 0.00 | 0.00 |
| Science - Other | 0 | 4 | 1 | 1 | 35 | 80 | 107.50 | 0 | 1 | 0.00 | 0.00 |
| Philosophy | 0 | 4 | 1 | 2 | 35 | 111 | 118.50 | 0 | 1 | 0.00 | 0.00 |
| Social Science | 0 | 3 | 0 | 1 | 30 | 100 | 121.67 | 0 | 1 | 0.00 | 0.00 |
| Science - Physics | 0 | 3 | 1 | 0 | 25 | 82 | 103.00 | 0 | 1 | 0.00 | 0.00 |
| Fine Arts - Classical Music | 0 | 3 | 1 | 0 | 25 | 61 | 86.33 | 0 | 0 | 0.00 | 0.00 |
| Literature - British | 0 | 3 | 1 | 1 | 25 | 81 | 108.00 | 0 | 0 | 0.00 | 0.00 |
| Geography/Current Events | 0 | 2 | 0 | 1 | 20 | 118 | 122.00 | 0 | 0 | 0.00 | 0.00 |
| Literature - American | 0 | 1 | 0 | 0 | 10 | 109 | 109.00 | 0 | 0 | 0.00 | 0.00 |
| History - Other | 0 | 1 | 0 | 0 | 10 | 99 | 99.00 | 0 | 0 | 0.00 | 0.00 |
| Religion | 0 | 1 | 0 | 0 | 10 | 90 | 90.00 | 0 | 1 | 0.00 | 0.00 |
| Fine Arts - Other | 0 | 2 | 2 | 1 | 10 | 110 | 130.50 | 0 | 0 | 0.00 | 0.00 |
| History - American | 0 | 1 | 1 | 1 | 5 | 125 | 125.00 | 0 | 0 | 0.00 | 0.00 |
| History - European | 0 | 1 | 1 | 0 | 5 | 132 | 132.00 | 0 | 0 | 0.00 | 0.00 |
| Other Academic | 0 | 0 | 0 | 0 | 0 | 0.00 | 0 | 0 | 0.00 | 0.00 | |
| History - World | 0 | 0 | 0 | 0 | 0 | 0.00 | 0 | 0 | 0.00 | 0.00 | |
| Mythology | 0 | 1 | 2 | 0 | 0 | 115 | 115.00 | 0 | 0 | 0.00 | 0.00 |